000 00449nam a22001571a 4500
020 _a9788178792767
082 _a796.021
_bDHA/F
100 _aDhananjoy Shaw
245 _aFundamental statistics in physical education and sports sciences/
_cby Dhananjoy Shaw
260 _aNew Delhi:
_bSports Publications,
_c2006.
300 _a218p.
650 _aStatistics Physical education
650 _aPhysical Education
650 _aSports
942 _cBK
999 _c15191
_d15191